Представление документа в формате RUSMARC

ПолеНазваниеЗначение
  Тип записи a
  Библиографический уровень m
001 Контрольный номер RU/SLIB/B/208757570
005 Дата корректировки 20241204143235.1
010 Индекс ISBN __
d Цена 10500-00
101 Язык документа 0_
a Язык текста rus
200 Заглавие и сведения об ответственности 1_
a Заглавие Исторические кладбища Петербурга
e Сведения, относящиеся к заглавию справ.-путеводитель
b Общее обозначение материала Текст
210 Выходные данные 1_
a Место издания СПб.
c Издательство Изд-во Чернышева
d Дата издания 1993
215 Физическое описание __
a Объем 640 с.
606 Тематические рубрики __
a Основная рубрика Изобразительное искусство и архитектура
y Географическая подрубрика Россия; Санкт-Петербург
606 Тематические рубрики __
a Основная рубрика Виды скульптуры
606 Тематические рубрики __
a Основная рубрика История
y Географическая подрубрика Россия
y Географическая подрубрика Санкт-Петербург
606 Тематические рубрики __
a Основная рубрика История России в целом
610 Ключевые слова 0_
a Ключевые слова исторические кладбища; кладбища; памятники; надгробия; некрополи
686 Индексы других классификаций __
a Классификационный индекс 85.136.1(2)
a Классификационный индекс 63.3(2)л6
801 Источник записи _0
a Страна RU
b Организация Муниципальное бюджетное учреждение культуры "Централизованная библиотечная система" г. Сургут (Центральная городская библиотека им. А. С. Пушкина)
g Правила каталогизации КиК/Уланова
801 Источник записи _1
a Страна RU
b Организация Муниципальное бюджетное учреждение культуры "Централизованная библиотечная система" г. Сургут (Центральная городская библиотека им. А. С. Пушкина)
g Правила каталогизации КиК/Уланова
852 Данные о местонахождении __
j Шифр хранения 85.136.1(2)
c Каталожный индекс 85.133(2-2Санкт-Петербург)л6; 63.3(2)л6
i Авторский знак И 90
p Инвентарный номер 49741
901 Тип документа __
t Тип документа m
969 Тип издания __
a Тип издания справочник, путеводитель
990 Данные о заказе (DOS) __
j Количество экземпляров (DOS) 1
t N записи в КСУ для И/У (DOS) 199401